Movies Quiz

Random Movies or Actor Quiz

Movie / T.V. (Actors/Character) Quiz Stats

 Plays Quiz not verified by Sporcle

Challenge
Share
Tweet
Embed
Score 0/16 Timer 10:00
0 Plays Today
actors character % Correct
Kristy Swanson/Sarah Michelle GellarBuffy
92.8%
Brandon Routh/Tom WellingClark Kent
62.5%
Wesley Snipes/Sticky FingazBlade
57.6%
Harrison Ford/Sean Patrick FlaneryIndiana Jones
54.2%
Linda Hamilton/Lena HeadeySarah Connor
48.5%
Donald Sutherland/Alan AldaBen Pierce
42.4%
Shelley Long/Florence HendersonCarol Brady
42.4%
Raul Julia/John AstinGomez Addams
34.1%
actors character % Correct
Sean William Scott/John SchneiderBo Duke
28.8%
Snoop Dogg/Antonio FargasHuggy Bear
26.5%
James Garner/Mel GibsonBret Maverick
23.9%
Kevin Costner/Robert StackEliot Ness
23.5%
Harrison Ford/David JanssenRichard Kimble
18.9%
Jamie Foxx/Philip Michael ThomasRicardo Tubbs
17.4%
Christopher Walken/Anthony HallJohnny Smith
7.2%
Cary-Hiroyuki Tagawa/Bruce LockeShang Tsung
4.2%

You're not logged in!

Compare scores with friends on all Sporcle quizzes.
Join for Free
OR
Log In

You Might Also Like...

Show Comments

Extras

Top Quizzes Today


Score Distribution

Your Account Isn't Verified!

In order to create a playlist on Sporcle, you need to verify the email address you used during registration. Go to your Sporcle Settings to finish the process.

Report this User

Report this user for behavior that violates our Community Guidelines.

Details: